Discrete mathematics with applications
Αποθηκεύτηκε σε:
| Κύριος συγγραφέας: | |
|---|---|
| Μορφή: | Βιβλίο |
| Γλώσσα: | English |
| Δημοσίευση: |
Australia :
Thomson-Brooks/Cole,
c2004.
|
| Έκδοση: | 3rd ed. |
| Θέματα: | |
| Ετικέτες: |
Προσθήκη ετικέτας
Δεν υπάρχουν, Καταχωρήστε ετικέτα πρώτοι!
|
MARC
| LEADER | 00000cam a2200000 i 4500 | ||
|---|---|---|---|
| 001 | 1/67433 | ||
| 008 | 071213s2004 at | ||| |||| ||eng|| | ||
| 020 | |a 9780534490966 (International Student Edition) |q (International Student Edition) | ||
| 020 | |a 0534490964 | ||
| 035 | |l 10093055 | ||
| 040 | |a GR-MyUa |b gre |e AACR2 | ||
| 041 | 0 | |a eng | |
| 082 | 7 | |a 511.1 |2 (22) | |
| 100 | 1 | |a Epp, Susanna S. | |
| 245 | 1 | 0 | |a Discrete mathematics with applications / |c Susanna S.Epp. |
| 250 | |a 3rd ed. | ||
| 260 | |a Australia : |b Thomson-Brooks/Cole, |c c2004. | ||
| 300 | |a 1 τ. (ποκίλες σελιδαριθμήσεις) : |b εικ. ; |c 26 εκ. | ||
| 500 | |a Περιλαμβάνει ευρετήριο. | ||
| 650 | 0 | |a Mathematics. | |
| 767 | 0 | 8 | |i Μεταφρασμένο ως: |t Διακριτά μαθηματικά με εφαρμογές / |
| 852 | |a INST |b SYROS |e 20071213 |h 511.1 EPP |p 005500006812 |q 005500006812 |t BK |y 0 | ||
| 901 | |a BIBL5-2007-3 | ||
| 922 | |a 5ΕΛΗ |b 200711 |c ΕΠΕΑΕΚ2/ΤΜΣΠΣ |d Παπασωτηρίου | ||
| 970 | |a Κοντού |b Παρασκευή |z 13/12/2007 | ||